000 01313cad a22002295a 4500
001 L149719
008 100414u2010 xxk g 000 0 eng d
020 _a9781409823773
035 _a(Sirsi) u149719
041 0 _aeng
050 _a690.025 $2 18
100 _aBall, Michael
110 2 _aUnited Kingdom
_bDepartment for Communities and Local Government
_94939
245 0 4 _aThe housebuilding industry
_bpromoting recovery in housing supply
_h[electronic resource]
260 _aLondon
_bDCLG
_c2010
520 _aExamines the issues driving housing growth and considers how government or industry could improve diversity and innovation; housing supply in England; the challenges faced by the housebuilding industry; suggested actions; housebuilders who participated in surveys and focus groups for the report give their views of constraints that prevent them responding to recovery; analysis of housing supply in recent years; housing supply policy; all stages and types of housebuilding; impact of regulations; planning; sustainability; finance; forecasts; tables.
590 _aKA NTK
651 4 _aEngland
_y886-
690 _aBUILT ENVIRONMENT
856 4 0 _uhttps://www.communities.gov.uk/documents/housing/pdf/1526670.pdf
_z View the website free of charge at www.communities.gov.uk
942 _n0
999 _c120848
_d120848